Plan de Negocio para el Laboratorio Clínico Nuestro Rey en el periodo de 2017 A 2021
laboratorio clinico es una herramienta primordial para el área médica, ya que por medio de este se diagnostican diferentes patologías y además se realizan estudios para establecer el tipo de tratamiento que se debe administrar al paciente, al igual que el seguimiento del mismo.
| Main Author: | |
|---|---|
| Other Authors: | |
| Format: | Tesis Section = Libro |
| Language: | Undetermined Spanish |
| Published: |
Managua
UNI
2017
|
| Subjects: |
| LEADER | 01043nam a2200253Ia 4500 | ||
|---|---|---|---|
| 008 | 240830s9999 xx 000 0 und d | ||
| 040 | |a BIBLIOTECA-RUPAP Mon 658.83 E77 | ||
| 041 | |a spa | ||
| 082 | |a Mon 658.83 E77 | ||
| 100 | 1 | |a Escalante Gómez, Jannia Tahiri | |
| 245 | 1 | 0 | |a Plan de Negocio para el Laboratorio Clínico Nuestro Rey en el periodo de 2017 A 2021 |
| 260 | |a Managua |b UNI |c 2017 | ||
| 300 | |a 150 p. :il. | ||
| 500 | |a Contiene: Anexos y CD | ||
| 502 | |a Tesis (Ingeniero Industrial)- UNI, 2017. | ||
| 520 | 3 | |a laboratorio clinico es una herramienta primordial para el área médica, ya que por medio de este se diagnostican diferentes patologías y además se realizan estudios para establecer el tipo de tratamiento que se debe administrar al paciente, al igual que el seguimiento del mismo. | |
| 650 | 7 | |a MERCADEO | |
| 650 | 7 | |b ESTRATEGIA EMPRESARIAL | |
| 650 | 7 | |c PLANIFICACION ORGANIZACIONAL | |
| 650 | 7 | |d NEGOCIO | |
| 700 | 1 | |a Tutor: |b Velásquez, Glenda Marcia | |
| 942 | |c BK |2 ddc | ||
| 991 | |a TESIS | ||
| 999 | |c 17677 | ||